000 00351nam a2200145Ia 4500
008 240729s9999 xx 000 0 und d
022 _a2227-9032
245 0 _aHealthcare
260 _aSwitzerland
260 _bMDPI AG
650 _aMedicine
856 _uhttps://doaj.org/toc/d7b6766e84854b1da3e0290383fbb1b1
942 _2ddc
942 _cDOAJEJ
999 _c74445
_d74445
945 _a1
_bMadushi Gamage
_c1
_dMadushi Gamage